Soufisme et hadith dans l'Égypte ottomane : ʻAbd al-Raʼūf al-Munāwī (952/1545-1031/1622) /
المؤلف الرئيسي:
التنسيق: كتاب
اللغة: French
منشور في:
Le Caire :
Institut français d'archéologie orientale,
[2020].
سلاسل:
Recherches d'Archeologie de Philologie et d'Histoire ; 44.
RAPH ; 44.
الموضوعات:
الوسوم: إضافة وسم
رقم الطلب: DT57 .C14 v.44
| LEADER | 01153nam a22002537a 4500 | ||
|---|---|---|---|
| 005 | 20210817112920.0 | ||
| 008 | 210817s2020 ua a ab 001 0 fre d | ||
| 952 | |0 0 |1 0 |2 lcc |3 V.44 |4 0 |6 DT0057 C14 V.00044 |7 1 |9 17814 |a ARCE |b ARCE |d 2021-08-17 |l 0 |o DT57 .C14 v.44 |p 1013453 |r 2021-08-17 00:00:00 |w 2021-08-17 |y BK | ||
| 999 | |c 37223 |d 37223 | ||
| 020 | |a 9782724707557 | ||
| 040 | |c ARCE Library | ||
| 050 | 0 | 4 | |a DT57 .C14 v.44 |
| 100 | 1 | |a Chouiref, Tayeb, |e author | |
| 245 | 1 | 0 | |a Soufisme et hadith dans l'Égypte ottomane : |b ʻAbd al-Raʼūf al-Munāwī (952/1545-1031/1622) / |c Tayeb Chouiref. |
| 260 | 1 | |a Le Caire : |b Institut français d'archéologie orientale, |c [2020]. | |
| 300 | |a xxiii, 568 pages : |b color illustrations ; |c 24 cm. | ||
| 490 | |a Recherches d'Archeologie de Philologie et d'Histoire ; 44. | ||
| 490 | |a RAPH ; 44. | ||
| 504 | |a Includes bibliographical references (pages 479-504) and indexes. | ||
| 546 | |a Text in French; abstract in English and French. | ||
| 600 | 1 | 0 | |a Munāwī, ʻAbd al-Raʼūf ibn Tāj al-ʻĀrifīn, |d -1621. |
| 650 | 0 | |a Sufism |z Egypt |x History. | |
| 650 | 0 | |a Hadith |x Study and teaching |z Egypt. | |
| 942 | |2 lcc |c BK | ||
